| 000 | 01654nam a2200385 a 4500 | ||
|---|---|---|---|
| 001 | ebr10513506 | ||
| 003 | CaPaEBR | ||
| 006 | m u | ||
| 007 | cr cn||||||||| | ||
| 008 | 110706s2011 enkab sb 000 0 eng d | ||
| 010 | _z 2011028015 | ||
| 020 | _z9781847694461 (alk. paper) | ||
| 020 | _z1847694462 (alk. paper) | ||
| 020 | _z9781847694454 (pbk. alk. paper) | ||
| 020 | _z1847694454 (pbk. alk. paper) | ||
| 020 | _z9781847694478 (e-book) | ||
| 040 |
_aCaPaEBR _cCaPaEBR |
||
| 035 | _a(OCoLC)769101903 | ||
| 050 | 1 | 4 |
_aP119.3 _b.U55 2011eb |
| 082 | 0 | 4 |
_a306.44/9 _223 |
| 245 | 0 | 0 |
_aUniformity and diversity in language policy _h[electronic resource] : _bglobal perspectives / _cedited by Catrin Norrby and John Hajek. |
| 260 |
_aBristol ; _aBuffalo : _bMultilingual Matters, _cc2011. |
||
| 300 |
_axx, 272 p. : _bill., maps. |
||
| 490 | 0 | _aMultilingual matters | |
| 504 | _aIncludes bibliographical references. | ||
| 505 | 0 | _apt. 1. Language policy at the official level -- pt. 2. Language policy in practice : indigenous and migrant languages in education -- pt. 3. Language policy in real and virtual worlds. | |
| 533 |
_aElectronic reproduction. _bPalo Alto, Calif. : _cebrary, _d2013. _nAvailable via World Wide Web. _nAccess may be limited to ebrary affiliated libraries. |
||
| 650 | 0 | _aLanguage policy. | |
| 650 | 0 |
_aLanguage and languages _xVariation. |
|
| 655 | 7 |
_aElectronic books. _2local |
|
| 700 | 1 | _aNorrby, Catrin. | |
| 700 | 1 | _aHajek, John. | |
| 710 | 2 | _aebrary, Inc. | |
| 856 | 4 | 0 |
_uhttp://site.ebrary.com/lib/rucke/Doc?id=10513506 _zAn electronic book accessible through the World Wide Web; click to view |
| 999 |
_c117873 _d117873 |
||